Royal escape. (Record no. 232481)

000 -LEADER
fixed length control field 00761cam a22002411 4500
001 - CONTROL NUMBER
control field 9715032
003 - CONTROL NUMBER IDENTIFIER
control field Nust
005 - DATE AND TIME OF LATEST TRANSACTION
control field 20170218160558.0
008 - FIXED-LENGTH DATA ELEMENTS--GENERAL INFORMATION
fixed length control field 820817s1938 enk 000 1 eng
010 ## - LIBRARY OF CONGRESS CONTROL NUMBER
LC control number 38036253
020 ## - INTERNATIONAL STANDARD BOOK NUMBER
International Standard Book Number 9780099476399
035 ## - SYSTEM CONTROL NUMBER
System control number (OCoLC)8693880
040 ## - CATALOGING SOURCE
Original cataloging agency DLC
Transcribing agency LNT
Modifying agency LNT
-- DLC
050 00 - LIBRARY OF CONGRESS CALL NUMBER
Classification number PZ3.H514
Item number Ro
Classification number PR6015.E795
082 ## - DEWEY DECIMAL CLASSIFICATION NUMBER
Classification number 823.912
Author Mark HEY
100 1# - MAIN ENTRY--PERSONAL NAME
Personal name Heyer, Georgette,
Dates associated with a name 1902-1974.
245 10 - TITLE STATEMENT
Title Royal escape.
260 ## - PUBLICATION, DISTRIBUTION, ETC.
Place of publication, distribution, etc. London,
Name of publisher, distributor, etc. W. Heinemann
Date of publication, distribution, etc. 1938
300 ## - PHYSICAL DESCRIPTION
Extent 391 p.
Dimensions 20 cm.
500 ## - GENERAL NOTE
General note "First published 1938."
504 ## - BIBLIOGRAPHY, ETC. NOTE
Bibliography, etc. note Bibliography:
600 00 - SUBJECT ADDED ENTRY--PERSONAL NAME
Personal name Charles
Numeration II,
Titles and other words associated with a name King of England,
Dates associated with a name 1630-1685
General subdivision Fiction.
906 ## - LOCAL DATA ELEMENT F, LDF (RLIN)
a 7
b cbc
c oclcrpl
d u
e ncip
f 19
g y-gencatlg
942 ## - ADDED ENTRY ELEMENTS (KOHA)
Source of classification or shelving scheme
Koha item type Book
Holdings
Withdrawn status Lost status Source of classification or shelving scheme Damaged status Not for loan Permanent Location Current Location Shelving location Date acquired Total Checkouts Total Renewals Full call number Barcode Date last seen Date last checked out Copy number Price effective from Koha item type
          Central Library (CL) Central Library (CL) Fiction 02/18/2017 1 1 823.912 HEY CL1501 12/13/2017 11/13/2017 1 02/18/2017 Book
© 2023 Central Library, National University of Sciences and Technology. All Rights Reserved.